Responses for show #7432 - Tuesday, December 27, 2016

Contestants

Hallie Boston, a content manager from Dorchester, Massachusetts

Colin Utley, an operations and logistics manager from New Orleans, Louisiana

Stephanie Schlatter, a stay-at-home parent from Toledo, Ohio (whose 1-day cash winnings total $13,201)

Jeopardy! Round responses

OUR OWN SHAKESPEAREAN RHYMES
WORKING ON THE RAILROAD
FROM THE JAPANESE
GIVE A FIG
THE 1700s
THE MUSICAL "R"TIST
    $200 6
Othello Jell-O

Stephanie
    $200 26
a lineman

Stephanie
    $200 20
hibachi

Colin
    $200 11
green

Hallie
    $200 25
(Alex: With a minute to go. Less than a minute now.)

convicts

Stephanie
    $200 1
Rihanna

Colin
    $400 7
a King Lear cheer

Hallie
    $400 27
a boxcar

Hallie
    $400 19
karaoke

Colin
    $400 12
a Fig Newton

Hallie
    $400 24
(Colin: Who is Blackbeard?)
(Stephanie: Who is Captain Morgan?)

Captain Kidd

StephanieColin
Triple Stumper
    $400 2
the Rolling Stones

Hallie
    $600 8
(Colin: What is a...)

a Globe robe

StephanieColin
    $600 28
the stoker

Triple Stumper
    $600 16
a ninja

Hallie
    $600 13
pollination

Stephanie
    $600 21
the Masons

Colin
    $600 3
the Red Hot Chili Peppers

Stephanie
    $800 9
a shrew shoe

Hallie
    $800 29
a siding

Triple Stumper
    $800 17
Pachinko

Stephanie
    $800 14
Augustus

Triple Stumper
    $1,000 22
(Colin: What is Denmark?)

Prussia

Colin
    $800 4
Radiohead

Hallie
    $1000 10
a sonnet bonnet

Stephanie
    $1000 30
(Stephanie: What is refuel?)

take on water

Stephanie
Triple Stumper
    $1000 18
a shiitake

Hallie
    $1000 15
prosciutto

Stephanie
    $1000 23
the Black Hole of Calcutta

Triple Stumper
    $1000 5
Roxy Music

Triple Stumper

Scores at the first commercial break (after clue 15):

Stephanie Colin Hallie
$4,000 -$400 $3,000

Scores at the end of the Jeopardy! Round:

Stephanie Colin Hallie
$3,800 -$600 $5,000

Double Jeopardy! Round responses

WHO WAS THAT MASKED MAN?
PHYSICS
FROM "S" TO "W"
SCULPTURE
SCANDINAVIAN CITIES
(Alex: And finally, we bid...)
A FOND FAREWELL TO THE 114th CONGRESS
    $400 5
Jason

Stephanie
    $400 26
straw

Colin
    $400 29
[The end-of-round signal sounds.]

Rodin

Triple Stumper
    $400 28
Copenhagen

Colin
    $400 1
Paul Ryan

Colin
    $800 7
the Phantom of the Opera

Stephanie
    $800 20
uranium

Colin
    $800 13
sow

Stephanie
    $800 25
a discus

Hallie
    $800 27
Sweden

Colin
    $800 2
Utah

Colin
    $1200 11
(Colin: Who is Zorro?)

the Lone Ranger

ColinHallie
    $1200 17
electron volt

Triple Stumper
    $1200 6
a sideshow

Hallie
    $1200 22
Nike

Colin
    $2,000 14
Lillehammer

Stephanie
    $1200 3
(Hallie: What is the Affordable Care Act?)
(Stephanie: What is Obamacare?)

Medicare

StephanieHallie
Triple Stumper
    $1600 12
Guy Fawkes

Stephanie
    $1600 18
collide

Stephanie
    $1600 8
the Shadow

Colin
    $1600 23
(Alex: A lot of holes in his sculptures. [*].)

Henry Moore

Triple Stumper
    $1600 15
(Hallie: What is Copenhagen?)

Helsingør (or Elsinore)

Hallie
Triple Stumper
    $1600 4
Boxer

Hallie
    $2,000 21
the Riddler

Colin
    $2000 19
an induction coil

Triple Stumper
    $2000 9
a scow

Triple Stumper
    $2000 24
(Alex: Less than a minute now.)

Augustus Saint-Gaudens

Triple Stumper
    $2000 16
Svalbard

Triple Stumper
    $2000 10
(Alex: And her name is [*]. Colin, you knew that.)
(Colin: I did.)

Debbie Wasserman Schultz

Triple Stumper

Scores at the end of the Double Jeopardy! Round:

Stephanie Colin Hallie
$9,800 $6,600 $7,000

[wagering suggestions for these scores]

Final Jeopardy! Round responses

THE CIVIL WAR
(Alex: There are two famous names that would come to mind, and if you went for one of those, you'd be wrong, unfortunately.)
...
(Alex: [To Colin] That's one of the two. The other one is the Merrimack. Neither one is correct.)
...
(Alex: [To Stephanie] No, we're going for the Confederate submarine--[*].)
ColinWhat is the Monitor?
$6,598
HallieWhat is the cotton gin?
$1,601
StephanieWhat is Merrimack
$4,199
the Hunley

Final scores:

Stephanie Colin Hallie
$5,601 $2 $5,399
2-day champion: $18,802 3rd place: $1,000 2nd place: $2,000

Game dynamics:

Coryat scores:

Stephanie Colin Hallie
$9,000 $7,600 $7,000
15 R
(including 1 DD),
3 W
13 R
(including 1 DD),
4 W
(including 1 DD)
13 R,
2 W

Combined Coryat: $23,600

The J! Archive is created by fans, for fans. The Jeopardy! game show and all elements thereof, including but not limited to copyright and trademark thereto, are the property of Jeopardy Productions, Inc. and are protected under law. This website is not affiliated with, sponsored by, or operated by Jeopardy Productions, Inc. Join the discussion at JBoard.tv.